| 000 | 00476cam a22002051 4500 | ||
|---|---|---|---|
| 001 | sa 65000533 | ||
| 003 | DLC | ||
| 005 | 20260227112103.0 | ||
| 008 | 881028s1964 xx 000 0 beno | ||
| 010 | _asa 65000533 | ||
| 035 | _a(OCoLC)23568111 | ||
| 040 |
_aDLC _cMiU _dDLC |
||
| 042 | _apremarc | ||
| 050 | 0 | 0 |
_aPK1718.S29 _bM3 |
| 100 | 1 | _aSanyal, Narayan. | |
| 245 | 1 | 0 | _aMahākālera mandira. |
| 260 | _c[1964] | ||
| 300 |
_a242 p. _c22 cm. |
||
| 500 | _aRomanized. | ||
| 999 |
_c61591 _d61591 |
||